| 000 | 00572nam a2200193 i 4500 | ||
|---|---|---|---|
| 001 | 49393 | ||
| 003 | ES-MaACL | ||
| 005 | 20250809033902.0 | ||
| 007 | t| | ||
| 008 | 030715s1959 sp ||||1| spa d | ||
| 100 | 1 |
_aCorts Grau, José. _940959 |
|
| 245 | 1 | 0 |
_aCurso de derecho natural / _cJosé Corts Grau. |
| 250 | _a2ª ed. rev. y amp. | ||
| 260 |
_aMadrid : _bEditora Nacional, _c1959 ( _fBolaños y Aguilar) |
||
| 300 |
_a434 p. ; _c24 cm. |
||
| 650 | 0 | 7 |
_aDerecho natural _2embne _911744 |
| 852 |
_aES-MaACL _jC-20587 _bR.48883 |
||
| 999 |
_c49393 _d49393 |
||